Cities of Riverside County, CA - Statistics

General Stats
  • This quiz has been taken 66 times
  • The average score is 18 of 28
Answer Stats
Hint Answer % Correct
1 Riverside
98%
17 Palm Springs
89%
3 Corona
84%
5 Temecula
84%
9 Indio
78%
2 Moreno Valley
76%
8 Hemet
73%
4 Murrieta
73%
10 Perris
71%
18 Coachella
69%
11 Lake Elsinore
69%
16 Palm Desert
69%
13 San Jacinto
67%
14 Beaumont
64%
6 Jurupa Valley
64%
7 Menifee
62%
15 Cathedral City
60%
22 Banning
58%
24 Blythe
58%
20 Wildomar
58%
28 Indian Wells
56%
19 La Quinta
56%
23 Norco
56%
21 Desert Hot Springs
53%
27 Calimesa
51%
12 Eastvale
47%
25 Rancho Mirage
47%
26 Canyon Lake
44%
No matching quizzes found
Score Distribution
Percent of People with Each Score
Percentile by Number Answered
Your Score History
You have not taken this quiz